000 00580nam a22001937a 4500
999 _c525385
_d525385
003 NUST
005 20190702044757.0
008 190702b ||||| |||| 00| 0 eng d
038 _awaseem
082 _a149.73
_bKHA
100 _aKhamis, Hussain Bin
_916243
245 _aBertrand Russell ky Tashqiqi Mazameen /
_cHussain Bin Khamis
260 _aLahore :
_bAkram Printers,
_c2007.
300 _a232 p. ;
500 _aHardcover.
880 _6 100-01\r
_aحسین بن خامس
880 _6245-02\r
_aبرٹرنڈرسل کے تشکیکی مضامین /
942 _2ddc
_cBK